00837nam a22002417a 45000010005000000030006000050050017000110080041000280400029000690500016000980820011001141000039001252450031001642500041001952600034002363000023002705050007002935200199003005210018004995210018005176500040005356500020005756261FISKH20250407135126.0250407b cb ||||| |||| 00| 0 eng d aFISKHbengcFISKHdFISKH a PZ7.M992 S a813.54 aMyers, Dean Walterd (1937–2014) aSlam! /cWalter Dean Myers aThis edition first published in 1996 aNew York :bScholastic,c1996 a266 pages :c18 cm aR  aSixteen-year-old "Slam" Harris is counting on his noteworthy basketball talents to get him out of the inner city and give him a chance to succeed in life, but his coach sees things differently. 8 a750 bLexile 8 aR bRaz-Plus  2African AmericanaRealistic fiction 2FictionaSchool